000 00281nam a22001337a 4500
003 SGT
020 _a9789881973801
082 _a747
_bJIN
100 _aJINLING QU
245 _aJAPANESE STOREFRONT DESIGN
260 _aCHINA
_bDMP PUB
_c2011
300 _a240
942 _2ddc
_cBK
999 _c34773
_d34773